| 000 | 00693ngm a22002890a 4500 | ||
|---|---|---|---|
| 001 | PT41971 | ||
| 003 | AR-LpoUNG | ||
| 005 | 20210201232331.0 | ||
| 007 | co ||u|||uuuuu | ||
| 008 | 191001s1998||||sp |||||||||||||||||spa d | ||
| 020 |
_a3145581652 _c$12 |
||
| 040 |
_aAR-LpoUNG _bspa _cAR-LpoUNG _eaacr |
||
| 041 | _aspa | ||
| 044 | _asp | ||
| 082 | 0 | _a781-626 1 121luz | |
| 100 | 1 | _aLucĂa, Paco de | |
| 245 | 1 | 0 | _aLuzia |
| 260 |
_aMadrid : _bPolygram, _c1998. |
||
| 300 | _a1 disco son. (ca. 59 min.) | ||
| 650 | 4 | _aARTE POPULAR | |
| 650 | 4 | _aMUSICA | |
| 651 | 4 | _aDOCUMENTOS TEORICOS O METODOLOGICOS | |
| 653 | _aCD | ||
| 653 | _aFLAMENCO | ||
| 905 | _a41971 | ||
| 942 | _cCDDVD | ||
| 999 |
_c53406 _d53406 |
||